Language, literacy, and learning in educational practice : a reader

Saved in:
Bibliographic Details
Other Authors: Stierer, Barry (Editor), Maybin, Janet 1950- (Editor)
Format: Book
Language:English
Published: Clevedon, Avon, England ; Philadelphia : Multilingual Matters, c1993
Subjects:
Tags: Add Tag
No Tags, Be the first to tag this record!

MARC

LEADER 00000nam a2200000 i 4500
001 1/83203
008 980226s1993 eng d
020 |a 1-85359-218-8 
035 |l 10034134 
035 |a 1995  |b 2  |c Αγορά/Σκούρτου 
040 |a GR-MY-UA  |b gre  |e aacr 
041 0 |a eng 
082 0 |a 428.0071  |2 (20) 
245 1 0 |a Language, literacy, and learning in educational practice :  |b a reader /  |c edited by Barry Stierer and Janet Maybin 
260 |a Clevedon, Avon, England ; Philadelphia :   |b Multilingual Matters,   |c c1993 
300 |a 319 p. 
504 |a Includes bibliographical references and index 
650 0 0 |a Language arts. 
650 0 0 |a Reading. 
650 0 0 |a Oral communication. 
650 0 0 |a English language  |x Composition and exercises  |x Study and teaching. 
700 1 |a Stierer, Barry.  |4 edt 
700 1 |a Maybin, Janet  |d 1950-  |4 edt 
852 |a INST  |b RHODES  |e 19980226  |h 428.0071 LAN  |p 005400005416  |q 005400005416  |t BK  |y 0 
909 |a Ρ  |b 042374  |c 1995